[Event "V. Korchnoy Memorial 2018"]
[Site "St. Petersburg"]
[Date "2018.08.18"]
[Round "4"]
[White "Badmatsyrenov, Oleg"]
[Black "Fedorov, Alexei"]
[Result "0-1"]
[WhiteElo "2454"]
[BlackElo "2561"]
[Annotator "TA"]
[PlyCount "114"]
[EventDate "2018.08.15"]
[EventType "swiss"]
[EventCountry "RUS"]
[SourceTitle "playchess.com"]
[Source "ChessBase"]
[SourceQuality "1"]

{[%evp 12,114,6,0,3,14,20,-8,-7,-19,-7,-21,-14,-34,-30,-63,-13,-98,-82,-82,-83,-124,-105,-95,-98,-102,-103,-114,-109,-177,-189,-262,-251,-366,-361,-375,-345,-365,-339,-428,-276,-280,-268,-255,-260,-243,-243,-341,-332,-337,-252,-306,-297,-299,-290,-301,-284,-360,-340,-318,-332,-363,-342,-738,-751,-747,-741,-737,-720,-715,-683,-678,-671,-707,-698,-697,-687,-1059,-1056,-1018,-1001,-1375,-1334,-1056,-1047,-1021,-1022,-979,-885,-1159,-1153,-1247,-1222,-1795,-1453,-2408,-2613,-1864,-3201,-3173,-3102,-2823,-2779,-2329,-2113]} 1. e4 c5 2. Nf3 e6 3. d4 cxd4 4. Nxd4 a6 5. Bd3 Bc5 6. Be3 d6 {B42: Sicilian: Kan Variation: 5 Bd3} 7. O-O {LiveBook: 15 Games} (7. Nd2 Nf6 8. c3 O-O 9. Qe2 Qc7 10. O-O Nbd7 11. h3 d5 12. Bg5 h6 13. Bh4 Re8 14. Bg3 {½-½ (71) Kosteniuk,A (2530)-Van Wely,L (2653) Calvi 2015}) 7... Nd7 8. Nd2 Ngf6 {The position is equal.} 9. c4 $146 ({Predecessor:} 9. N2b3 Ba7 10. Qe2 O-O 11. Rad1 Qc7 12. f3 b5 13. c4 bxc4 14. Bxc4 {1-0 (82) Babujian,L (2373)-Ibarra Jerez,J (2413) Chalkidiki 2003}) 9... Ne5 10. Be2 Bd7 11. N2b3 {Strongly threatening f4.} Ba4 12. Qc1 Nxe4 13. Rd1 Qc7 14. f4 (14. Nxc5 $11 {remains equal.} dxc5 15. Nb3) 14... Nd7 15. Bf3 Nef6 {[%cal Be4f6,Bf6e8,Be8g7,Bg7f5][%mdl 32]} 16. g4 O-O 17. g5 Ne8 18. Qd2 Bb6 19. Rac1 g6 20. h4 (20. Nc2 $17) 20... Ng7 $19 21. h5 (21. Rc3 {was necessary.}) 21... e5 ({Resist} 21... Nxh5 22. Kf1 $19) (21... gxh5 22. Qb4 $19) 22. Ne2 (22. hxg6 {was called for.} fxg6 23. Bd5+ Kh8 24. fxe5) 22... Nf5 (22... Nxh5 $2 23. Kh2 $19) (22... gxh5 $2 23. Bf2 $19) 23. Bxb6 Qxb6+ ({Less strong is} 23... Nxb6 24. c5 $17) 24. Kh1 Qf2 25. Rc3 exf4 26. Qe1 Qxe1+ 27. Rxe1 Rae8 28. Rd1 Ne5 29. Nxf4 (29. Bxb7 {keeps fighting.} Rb8 30. Bd5) 29... Nxf3 30. Rxf3 Re4 31. Kh2 Rxc4 32. Rd2 Bc6 33. Na5 Re4 ({Don't take} 33... Bxf3 34. Nxc4 Bxh5 35. Nxd6 $19) 34. h6 Rfe8 35. Nxc6 bxc6 36. Rff2 Kf8 37. Rc2 $2 {[#]} (37. Rd3) 37... Ne3 {Black is clearly winning.} 38. Kg3 Nxc2 39. Rxc2 {[%mdl 4096] Endgame KRR-KRN} R8e5 40. Rxc6 Rxg5+ 41. Kf3 Rb4 42. Nd3 Rh4 43. Rxd6 Rxh6 44. Rxa6 Rh3+ 45. Kf4 h6 46. Ra8+ Kg7 47. Rd8 Rgg3 {[#] And now ...g5+ would win.} 48. Ne5 g5+ {[%cal Bg6g5,Bg5g4,Bg4g3,Bg3g2][%mdl 32]} 49. Ke4 Rg2 50. Rb8 Re2+ 51. Kd5 Rhe3 52. Nc6 g4 53. Rb4 h5 54. Nd4 Rf2 55. Rc4 g3 56. Rc1 g2 57. Rg1 Kf6 {Precision: White = 33%, Black = 78%.} 0-1

[Event "V. Korchnoy Memorial 2018"]
[Site "St. Petersburg"]
[Date "2018.08.18"]
[Round "4"]
[White "Khusenkhojaev, Muhammad"]
[Black "Tsydypov, Zhamsaran"]
[Result "0-1"]
[WhiteElo "2434"]
[BlackElo "2520"]
[Annotator "TA"]
[PlyCount "80"]
[EventDate "2018.08.15"]
[EventType "swiss"]
[EventCountry "RUS"]
[SourceTitle "playchess.com"]
[Source "ChessBase"]
[SourceQuality "1"]

{[%evp 24,80,14,8,12,12,43,30,38,26,41,23,41,24,29,0,0,0,0,0,0,0,0,-12,-12,-12,-12,-13,-11,-48,-47,-70,-55,-126,-128,-143,-141,-143,-127,-137,-131,-403,-395,-390,-393,-491,-452,-536,-535,-29988,-665,-644,-642,-614,-591,-814,-796,-29974,-29974]} 1. Nf3 f5 2. c4 Nf6 3. g3 g6 4. Bg2 Bg7 5. O-O O-O 6. Nc3 d6 7. d4 c6 8. d5 e5 9. dxe6 Bxe6 10. b3 Na6 {[%cal Bb8a6,Ba6c5,Bc5e4][%mdl 32]} 11. Bb2 Nc5 {A88: Dutch Defence: Leningrad System: 5 Nf3 0-0 6 0-0 d6 7 Nc3 c6} (11... Qe7 12. Ng5 Bd7 13. Qd2 h6 14. Nh3 Be6 15. Rad1 Rad8 16. Ba3 Nc5 17. f4 Qc7 18. Nf2 Rfe8 19. Kh1 Qb6 20. Qc2 d5 21. cxd5 cxd5 22. Nxd5 Nxd5 23. Bxc5 {0-1 (33) Gelfand,B (2751)-Kamsky,G (2762) Tashkent 2012 CBM 152 [Ftacnik,L]}) 12. Qc2 Qe7 13. Rad1 {LiveBook: 3 Games} Rad8 {The position is equal.} 14. e3 h6 15. Ba3 Nce4 $146 ({Predecessor:} 15... Bf7 16. Ne2 Qe4 17. Qc1 {½-½ (39) Petrosian,T (2610)-Knezevic,M (2500) Banja Luka 1979}) 16. Nd4 {[%cal Rc3e4]} Bc8 17. Bb2 g5 18. Bh3 Ng4 19. Bxg4 {And now Bf3 would win.} Nxc3 $1 20. Bxc3 fxg4 21. e4 Qf7 22. Rd2 Be5 23. Nf5 Bxf5 24. Bxe5 Bg6 25. Ba1 Kh7 26. Re1 d5 27. cxd5 cxd5 28. Ree2 (28. Qc5 $15) 28... Rde8 $17 {[%cal Rg6e4]} ({Much worse is} 28... Bxe4 $6 29. Rxe4 dxe4 30. Qxe4+ Kg8 {[#]} 31. Qe5 $1 $11 {[%mdl 512]}) ({Don't play} 28... dxe4 29. Rxd8 Rxd8 30. Qc3 $15) 29. Qc5 Rc8 ({Worse is} 29... dxe4 30. Qxa7 Qc7 31. Qd4 $11) 30. Qd4 Bxe4 {( -> ...Rc1+)} 31. Bb2 Kg6 {aiming for ...Qf3.} 32. Rxe4 $4 {[%mdl 8192]} (32. Re3 $17) 32... dxe4 $19 33. Qxe4+ Kh5 34. h3 gxh3 35. Kh2 Rce8 36. g4+ Kh4 37. Be5 {[%csl Gf2,Gh2][%cal Re5g3] [#]} Qf4+ $1 {[%mdl 512]} 38. Qxf4 (38. Bxf4 Rxe4) 38... gxf4 39. Bd6 Rf6 40. f3 {[#]} Rxd6 $1 {Precision: White = 24%, Black = 80%.} 0-1

[Event "V. Korchnoy Memorial 2018"]
[Site "St. Petersburg"]
[Date "2018.08.18"]
[Round "4"]
[White "Apryshko, Gleb"]
[Black "Burmakin, Vladimir"]
[Result "0-1"]
[WhiteElo "2377"]
[BlackElo "2494"]
[Annotator "TA"]
[PlyCount "74"]
[EventDate "2018.08.15"]
[EventType "swiss"]
[EventCountry "RUS"]
[SourceTitle "playchess.com"]
[Source "ChessBase"]
[SourceQuality "1"]

{[%evp 26,74,75,18,96,21,37,31,51,63,53,0,0,0,12,14,11,-6,12,-10,-9,-9,-12,-26,-29,-27,-8,-33,-27,-25,-22,-94,-22,-89,-78,-143,-132,-143,-143,-120,-127,-125,-123,-561,-182,-554,-546,-1803,-1789,-1379,-1277]} 1. e4 c6 2. d4 d5 3. Nd2 dxe4 4. Nxe4 Nf6 5. Nxf6+ exf6 6. c3 Bd6 7. Bd3 Qc7 8. Ne2 O-O 9. Qc2 h6 10. h3 {B15: Caro-Kann: 3 Nc3: 3...g6 and 3...dxe4 4 Nxe4 Nf6 5 Nxf6+ exf6} (10. Bd2 Be6 11. Ng3 Nd7 12. O-O Rfe8 13. f4 b5 14. b3 Nf8 15. c4 bxc4 16. bxc4 Rad8 17. c5 Be7 {½-½ (40) Asis Gargatagli,H (2538)-Iturrizaga Bonelli,E (2652) Maia 2018}) 10... Re8 11. Be3 Nd7 12. O-O Nf8 13. c4 Be6 14. Rad1 {LiveBook: 4 Games} (14. c5 $16 Bh2+ 15. Kh1) 14... Rac8 $146 (14... Ng6 $11) ({Predecessor:} 14... Qb8 15. Rfe1 h5 16. a3 g6 17. Bc1 f5 18. b3 {1-0 (50) Farahat,A (2420)-Douissa,O (2270) Oran 2017}) 15. Rfe1 (15. c5 $1 $16 {[%cal Rc5d6]} Be7 16. Nf4) 15... Qd7 16. Nf4 Bb8 17. Nxe6 Nxe6 18. Bf1 (18. Bh7+ $14 Kh8 19. Be4) 18... Ng5 $11 19. Bxg5 fxg5 20. Rxe8+ Rxe8 21. Qd3 g4 22. g3 gxh3 23. Qf3 g6 24. Kh2 h5 25. Bxh3 Qe7 $36 {[%mdl 2048] Black has the initiative.} 26. Kg1 h4 27. gxh4 Qxh4 28. b3 (28. Qg4 $11 Qf6 29. Bg2) 28... Kg7 (28... Re4 $1 $17 29. d5 cxd5 30. cxd5 Bd6) 29. Kf1 {[#]} (29. Bg2 $11 {remains equal.}) 29... Re4 $1 $17 30. d5 ({White should play} 30. Qc3) 30... cxd5 31. Rxd5 {[#]} Be5 $1 32. Rd3 Bd4 {Threatens to win with ...Rf4.} 33. Qg3 {With the idea Bg2.} Qe7 {And now ...Re1+ would win.} 34. Bf5 $2 {[%mdl 8192]} (34. Kg2 $17) 34... Re1+ $19 35. Kg2 {[#]} Bxf2 $1 {[%mdl 512] Black is clearly winning.} 36. Qf3 (36. Kxf2 Qe2#) 36... Rg1+ 37. Kh2 Qe5+ {Precision: White = 34%, Black = 68%.} 0-1

[Event "V. Korchnoy Memorial 2018"]
[Site "St. Petersburg"]
[Date "2018.08.19"]
[Round "5"]
[White "Kamsky, Gata"]
[Black "Ovchinnikov, Vsevolod"]
[Result "1-0"]
[WhiteElo "2675"]
[BlackElo "2343"]
[Annotator "TA"]
[PlyCount "107"]
[EventDate "2018.08.15"]
[EventType "swiss"]
[EventCountry "RUS"]
[SourceTitle "playchess.com"]
[Source "ChessBase"]
[SourceQuality "1"]

{[%evp 9,107,-7,10,-19,-12,-22,-22,-32,-14,-7,8,14,28,13,22,16,35,9,19,4,50,1,0,0,18,-16,0,-11,46,37,66,19,73,63,62,34,79,64,83,70,83,72,72,70,132,125,127,82,96,111,183,165,182,205,239,119,119,118,329,335,315,320,477,312,303,169,187,183,189,169,149,149,177,162,341,226,317,313,293,277,343,254,224,197,376,359,397,320,616,614,735,730,764,626,581,578,745,709,1031,1018]} 1. d4 Nf6 2. Bf4 g6 3. c3 b6 4. e3 Bb7 5. Nd2 Bg7 6. h4 {A45: Trompowsky Attack} d6 7. Ngf3 Nbd7 8. Bc4 $146 {The position is equal.} ({Predecessor:} 8. Qb3 e6 9. a4 a5 10. Be2 Qe7 {0-1 (38) Dorner,M (2204)-Edouard,R (2659) Wroclaw 2014}) 8... e6 9. Qe2 h6 10. e4 e5 11. dxe5 Nh5 12. Be3 dxe5 13. Ba6 Bxa6 14. Qxa6 Qc8 15. Qc4 Qb7 16. a4 a6 17. g4 Nhf6 18. Rg1 Ng8 (18... Rd8 $11) 19. h5 {And now g5 would win.} Ne7 20. Ke2 gxh5 (20... g5 $11 {keeps the balance.}) 21. gxh5 $16 Bf6 22. Rg4 Qc6 23. Rag1 {Hoping for Rg8+!} Qxc4+ 24. Nxc4 O-O-O 25. b4 Rdg8 26. Nh2 (26. R4g3 {feels hotter.} Re8 27. a5 b5 28. Ncd2 Nc6 29. Ne1) 26... Rxg4 ({Black should try} 26... Re8 $14) 27. Nxg4 Bg7 28. a5 b5 29. Nd2 Kb7 {[#]} (29... Rh7 $16 30. Rd1 Rh8) 30. Nb3 $1 $18 f5 31. Nc5+ Kc6 32. Rd1 (32. Nh2 $18 {has better winning chances.} Bf8 33. Nxd7 (33. Nxa6 fxe4 34. Kd2 Nd5 $11) 33... Kxd7 34. exf5) 32... Nxc5 $16 33. Bxc5 Ng6 $2 {[#]} (33... fxg4 $16 {was necessary.} 34. Bxe7 Rg8) 34. exf5 $18 (34. hxg6 fxg4 35. f3 gxf3+ 36. Kxf3 h5 $14) 34... Nf4+ 35. Kf3 Nxh5 (35... Nd5 $142 36. Rg1 Re8) 36. Be7 Re8 37. Bh4 ({And not} 37. f6 Bxf6 38. Bxf6 (38. Nxf6 Nxf6 39. Bxf6 Rf8 $11) 38... Nxf6 $11) (37. Rh1 $142) 37... e4+ 38. Ke3 {aiming for f6.} Rf8 39. Kxe4 Re8+ 40. Kf3 Rf8 41. Ne3 Be5 $2 (41... Bh8 {was called for.} 42. Rc1 Kd7) 42. Rh1 {Strongly threatening Be7.} Bd6 (42... Kd7 {was worth a try.} 43. Rd1+ Kc8) 43. Bg3 Nxg3 44. fxg3 {[%cal Bf2g3,Bg3g4][%mdl 4128] Endgame KRB-KRN} Rf6 45. Rh4 Kd7 46. Rg4 c5 $2 (46... Rf7 47. Rg6 h5) 47. Rg7+ Ke8 48. g4 Bf8 $2 (48... Be5 49. Ke4 (49. bxc5 Rc6 $18) 49... Bxc3) 49. Ra7 {White is clearly winning.} Rc6 50. Nd5 Bd6 51. Rh7 cxb4 52. cxb4 Rc1 53. Rxh6 Bf8 54. Rxa6 {Precision: White = 58%, Black = 25%.} 1-0

[Event "V. Korchnoy Memorial 2018"]
[Site "St. Petersburg"]
[Date "2018.08.19"]
[Round "5"]
[White "Zvjaginsev, Vadim"]
[Black "Gagare, Shardul"]
[Result "1/2-1/2"]
[WhiteElo "2643"]
[BlackElo "2490"]
[Annotator "TA"]
[PlyCount "71"]
[EventDate "2018.08.15"]
[EventType "swiss"]
[EventCountry "RUS"]
[SourceTitle "playchess.com"]
[Source "ChessBase"]
[SourceQuality "1"]

{[%evp 17,71,21,14,4,14,0,18,18,25,31,44,50,33,-37,-35,-42,-44,-43,-44,-38,-35,-37,0,0,0,-28,-32,-55,0,0,0,0,0,0,0,0,0,0,0,0,17,28,110,0,0,0,0,0,0,0,0,0,0,0,0,0]} 1. e4 e5 2. Nf3 Nc6 3. g3 Nf6 4. d3 d5 5. exd5 Nxd5 6. Bg2 Be7 7. O-O {C44: Ponziani Opening and Scotch Gambit} O-O 8. Re1 Bf6 9. Nbd2 Re8 {LiveBook: 4 Games} 10. a3 $146 ({Predecessor:} 10. Ne4 Be7 11. c3 h6 12. Ned2 Bf6 13. Qc2 Bf5 14. Ne4 Be7 {1-0 (45) Zvjaginsev,V (2679)-Ahvenjarvi,J (2317) Tallinn 2016}) 10... a5 11. Ne4 Be7 12. Nc3 Nxc3 13. bxc3 Be6 14. Rb1 Rb8 15. c4 (15. Nxe5 $14 Nxe5 16. Rxe5) 15... f6 $1 $15 16. Nd2 Qd7 17. Bb2 Bg4 18. Qc1 b6 19. Bc3 Nd4 20. Bxd4 $1 exd4 21. Qb2 a4 22. h3 Bxh3 ({Black should try} 22... Bf5 $15) 23. Bxh3 $11 Qxh3 24. Qb5 Kf8 25. Qxa4 Bd6 {[#] ...Bxg3! is the strong threat.} 26. Qc6 Bxg3 27. fxg3 Qxg3+ 28. Kf1 Qf4+ 29. Nf3 g5 {[#]} (29... h5 $1 $11 {keeps the balance.}) 30. Kg2 ({Only move:} 30. Kg1 $1 $16) 30... g4 {The position is equal.} 31. Ng1 {And now Rf1 would win.} Qd2+ $1 32. Kf1 Qf4+ 33. Kg2 {aiming for Rf1.} Qd2+ $1 34. Kf1 Qf4+ 35. Kg2 {Black must now prevent Rf1.} Qd2+ $1 36. Kf1 {Precision: White = 62%, Black = 60%.} 1/2-1/2

[Event "V. Korchnoy Memorial 2018"]
[Site "St. Petersburg"]
[Date "2018.08.19"]
[Round "5"]
[White "Aleksandrov, Aleksej"]
[Black "Khanin, Semen"]
[Result "1/2-1/2"]
[WhiteElo "2585"]
[BlackElo "2494"]
[Annotator "ChessBase"]
[PlyCount "92"]
[EventDate "2018.08.15"]
[EventType "swiss"]
[EventCountry "RUS"]
[SourceTitle "playchess.com"]
[Source "ChessBase"]
[SourceQuality "1"]
[TimeControl "5400+30"]

1. d4 {[%emt 0:00:00]} Nf6 {[%emt 0:00:00]} 2. c4 {[%emt 0:00:00]} e6 {[%emt 0:00:00]} 3. Nc3 {[%emt 0:00:00]} Bb4 {[%emt 0:00:00]} 4. e3 {[%emt 0:00:00]} b6 {[%emt 0:00:00]} 5. Bd3 {[%emt 0:00:00]} Bb7 {[%emt 0:00:06]} 6. Nf3 {[%emt 0:00:00]} O-O {[%emt 0:00:28]} 7. Bd2 {[%emt 0:03:30]} Bxc3 {[%emt 0:02:15]} 8. Bxc3 {[%emt 0:00:09]} Ne4 {[%emt 0:00:05]} 9. Bxe4 {[%emt 0:03:52]} Bxe4 {[%emt 0:00:04]} 10. d5 {[%emt 0:00:06]} f6 {[%emt 0:10:07]} 11. O-O {[%emt 0:08:46]} Qe7 {[%emt 0:04:15]} 12. Nh4 {[%emt 0:03:36]} h6 {[%emt 0:15:18]} 13. Qg4 {[%emt 0:05:34]} Bh7 {[%emt 0:00:14]} 14. e4 {[%emt 0:02:39]} Na6 {[%emt 0:02:15]} 15. Ng6 {[%emt 0:04:23]} Bxg6 {[%emt 0:00:29]} 16. Qxg6 {[%emt 0:00:04]} Nc5 {[%emt 0:04:23]} 17. b3 {[%emt 0:01:09]} a5 {[%emt 0:01:12]} 18. Rad1 {[%emt 0:01:26]} e5 {[%emt 0:04:30]} 19. f3 {[%emt 0:01:21]} d6 {[%emt 0:01:52]} 20. Rf2 {[%emt 0:00:14]} Qe8 {[%emt 0:02:22]} 21. Qf5 {[%emt 0:04:54]} Qc8 {[%emt 0:02:15]} 22. Qxc8 {[%emt 0:03:52]} Raxc8 {[%emt 0:00:04]} 23. Re2 {[%emt 0:00:12]} f5 {[%emt 0:02:13]} 24. exf5 {[%emt 0:00:06]} Rxf5 {[%emt 0:00:04]} 25. Be1 {[%emt 0:01:13]} Rcf8 {[%emt 0:01:42]} 26. Bf2 {[%emt 0:00:23]} g5 {[%emt 0:00:46]} 27. Be3 {[%emt 0:01:44]} Kg7 {[%emt 0:00:40]} 28. Rb2 {[%emt 0:00:24]} Ra8 {[%emt 0:00:30]} 29. a3 {[%emt 0:01:51]} Rff8 {[%emt 0:01:13]} 30. b4 {[%emt 0:01:22]} axb4 {[%emt 0:01:05]} 31. axb4 {[%emt 0:00:04]} Nd7 {[%emt 0:02:21]} 32. c5 {[%emt 0:00:09]} bxc5 {[%emt 0:04:58]} 33. bxc5 {[%emt 0:00:04]} Nxc5 {[%emt 0:00:39]} 34. Bxc5 {[%emt 0:00:16]} dxc5 {[%emt 0:00:07]} 35. Rb5 {[%emt 0:00:24]} Ra2 {[%emt 0:04:08]} 36. Rxc5 {[%emt 0:04:53]} Rf7 {[%emt 0:00:04]} 37. Re1 {[%emt 0:03:58]} g4 {[%emt 0:04:29]} 38. Rf1 {[%emt 0:03:33]} gxf3 {[%emt 0:01:11]} 39. Rxf3 {[%emt 0:00:06]} Rxf3 {[%emt 0:05:27]} 40. gxf3 {[%emt 0:00:03]} Kf6 {[%emt 0:00:18]} 41. Rxc7 {[%emt 0:00:53]} Rd2 {[%emt 0:00:08]} 42. Rd7 {[%emt 0:00:23]} Kf5 {[%emt 0:00:06]} 43. d6 {[%emt 0:02:02]} Kf4 {[%emt 0:01:07]} 44. Rf7+ {[%emt 0:00:15]} Kg5 {[%emt 0:00:02]} 45. Rg7+ {[%emt 0:02:54]} Kf4 {[%emt 0:00:07]} 46. Rf7+ {[%emt 0:05:30]} Kg5 {[%emt 0:00:07]} 1/2-1/2

[Event "V. Korchnoy Memorial 2018"]
[Site "St. Petersburg"]
[Date "2018.08.19"]
[Round "5"]
[White "Stupak, Kirill"]
[Black "Yashmetov, Mikhail"]
[Result "1-0"]
[WhiteElo "2573"]
[BlackElo "2365"]
[Annotator "ChessBase"]
[PlyCount "65"]
[EventDate "2018.08.15"]
[EventType "swiss"]
[EventCountry "RUS"]
[SourceTitle "playchess.com"]
[Source "ChessBase"]
[SourceQuality "1"]
[TimeControl "5400+30"]

1. d4 {[%emt 0:09:18]} Nf6 {[%emt 0:00:00]} 2. g3 {[%emt 0:00:08]} g6 {[%emt 0:00:07]} 3. Bg2 {[%emt 0:00:03]} d5 {[%emt 0:00:04]} 4. c4 {[%emt 0:00:05]} Bg7 {[%emt 0:00:10]} 5. Nf3 {[%emt 0:00:04]} O-O {[%emt 0:00:06]} 6. O-O {[%emt 0:00:03]} Nc6 {[%emt 0:00:32]} 7. Na3 {[%emt 0:00:08]} dxc4 {[%emt 0:00:17]} 8. Nxc4 {[%emt 0:00:03]} Be6 {[%emt 0:00:26]} 9. b3 {[%emt 0:00:01]} a5 {[%emt 0:00:22]} 10. a4 {[%emt 0:00:01]} Bd5 {[%emt 0:00:47]} 11. e3 {[%emt 0:00:37]} Ne4 {[%emt 0:00:29]} 12. Ba3 {[%emt 0:00:47]} Kh8 {[%emt 0:03:09]} 13. Rc1 {[%emt 0:01:53]} f5 {[%emt 0:03:06]} 14. Qe2 {[%emt 0:03:04]} g5 {[%emt 0:08:57]} 15. h4 {[%emt 0:09:12]} f4 {[%emt 0:06:34]} 16. exf4 {[%emt 0:08:41]} gxf4 {[%emt 0:00:34]} 17. g4 {[%emt 0:00:22]} Qd7 {[%emt 0:17:16]} 18. Nce5 {[%emt 0:13:02]} Nxe5 {[%emt 0:00:29]} 19. Nxe5 {[%emt 0:00:27]} Bxe5 {[%emt 0:00:44]} 20. dxe5 {[%emt 0:01:19]} f3 {[%emt 0:15:22]} 21. Bxf3 {[%emt 0:00:03]} Rxf3 {[%emt 0:00:05]} 22. e6 {[%emt 0:00:11]} Qxe6 {[%emt 0:02:05]} 23. Qxf3 {[%emt 0:00:01]} Rg8 {[%emt 0:00:40]} 24. g5 {[%emt 0:05:21]} Qe5 {[%emt 0:19:11]} 25. Qe3 {[%emt 0:09:14]} Rg7 {[%emt 0:06:47]} 26. f4 {[%emt 0:21:19]} Qf5 {[%emt 0:01:29]} 27. Bb2 {[%emt 0:00:15]} Qg4+ {[%emt 0:01:02]} 28. Kh2 {[%emt 0:00:02]} Nf6 {[%emt 0:00:16]} 29. Qf2 {[%emt 0:03:24]} Be6 {[%emt 0:04:55]} 30. f5 {[%emt 0:06:24]} Ne4 {[%emt 0:03:26]} 31. Bxg7+ {[%emt 0:02:09]} Kg8 {[%emt 0:00:08]} 32. Qf3 {[%emt 0:02:00]} Qxh4+ {[%emt 0:00:13]} 33. Qh3 {[%emt 0:00:01]} 1-0

[Event "V. Korchnoy Memorial 2018"]
[Site "St. Petersburg"]
[Date "2018.08.19"]
[Round "5"]
[White "Tsydypov, Zhamsaran"]
[Black "Ponkratov, Pavel"]
[Result "1-0"]
[WhiteElo "2520"]
[BlackElo "2605"]
[Annotator "ChessBase"]
[PlyCount "57"]
[EventDate "2018.08.15"]
[EventType "swiss"]
[EventCountry "RUS"]
[SourceTitle "playchess.com"]
[Source "ChessBase"]
[SourceQuality "1"]
[TimeControl "5400+30"]

1. e4 {[%emt 0:00:09]} e6 {[%emt 0:00:00]} 2. d4 {[%emt 0:00:25]} d5 {[%emt 0:00:00]} 3. Nc3 {[%emt 0:01:03]} Nf6 {[%emt 0:00:00]} 4. e5 {[%emt 0:00:34]} Nfd7 {[%emt 0:00:00]} 5. f4 {[%emt 0:00:14]} c5 {[%emt 0:00:00]} 6. Nf3 {[%emt 0:00:16]} Nc6 {[%emt 0:00:00]} 7. Be3 {[%emt 0:00:06]} Rb8 {[%emt 0:00:02]} 8. Be2 {[%emt 0:08:06]} Qa5 {[%emt 0:00:09]} 9. a3 {[%emt 0:01:33]} b5 {[%emt 0:00:21]} 10. O-O {[%emt 0:04:33]} b4 {[%emt 0:01:37]} 11. axb4 {[%emt 0:00:25]} Qxb4 {[%emt 0:00:05]} 12. f5 {[%emt 0:07:27]} cxd4 {[%emt 0:01:16]} 13. fxe6 {[%emt 0:00:40]} fxe6 {[%emt 0:00:53]} 14. Nxd4 {[%emt 0:01:20]} Nxd4 {[%emt 0:00:36]} 15. Bxd4 {[%emt 0:00:08]} Bc5 {[%emt 0:00:04]} 16. Bxc5 {[%emt 0:01:11]} Qxc5+ {[%emt 0:00:05]} 17. Kh1 {[%emt 0:00:06]} Rf8 {[%emt 0:06:25]} 18. Qd3 {[%emt 0:03:22]} g6 {[%emt 0:05:06]} 19. Qh3 {[%emt 0:06:00]} Rxf1+ {[%emt 0:01:35]} 20. Rxf1 {[%emt 0:00:16]} Qe7 {[%emt 0:04:02]} 21. Nb5 {[%emt 0:02:51]} Kd8 {[%emt 0:07:53]} 22. Nxa7 {[%emt 0:03:55]} Bb7 {[%emt 0:03:25]} 23. Qc3 {[%emt 0:00:50]} Qg5 {[%emt 0:06:14]} 24. Nb5 {[%emt 0:02:45]} Rc8 {[%emt 0:00:38]} 25. Qa5+ {[%emt 0:01:50]} Ke7 {[%emt 0:00:04]} 26. Qb4+ {[%emt 0:01:41]} Rc5 {[%emt 0:00:05]} 27. Nd6 {[%emt 0:00:21]} Qxe5 {[%emt 0:00:06]} 28. Nxb7 {[%emt 0:00:09]} Qxe2 {[%emt 0:00:05]} 29. Qh4+ {[%emt 0:00:04]} 1-0

[Event "V. Korchnoy Memorial 2018"]
[Site "St. Petersburg"]
[Date "2018.08.19"]
[Round "5"]
[White "Stefansson, Hannes"]
[Black "Kozionov, Kirill"]
[Result "0-1"]
[WhiteElo "2511"]
[BlackElo "2461"]
[Annotator "RC"]
[PlyCount "68"]
[EventDate "2018.08.15"]
[EventType "swiss"]
[EventCountry "RUS"]
[SourceTitle "playchess.com"]
[Source "ChessBase"]
[SourceQuality "1"]
[TimeControl "5400+30"]

1. e4 {[%emt 0:00:00]} c5 {[%emt 0:07:30]} 2. Nf3 {[%emt 0:00:00]} d6 {[%emt 0:00:09]} 3. d4 {[%emt 0:00:00]} cxd4 {[%emt 0:00:13]} 4. Nxd4 {[%emt 0:00:02]} Nf6 {[%emt 0:00:08]} 5. Nc3 {[%emt 0:00:10]} a6 {[%emt 0:00:13]} 6. h3 {[%emt 0:00:18]} e5 {[%emt 0:03:01]} 7. Nde2 {[%emt 0:00:33]} h5 {[%emt 0:00:34]} 8. g3 {[%emt 0:01:37]} b5 {[%emt 0:06:41]} 9. Nd5 {[%emt 0:04:14]} Nbd7 {[%emt 0:04:12]} 10. Bg5 {[%emt 0:05:06]} Bb7 {[%emt 0:02:14]} 11. Nec3 {[%emt 0:01:00]} Rc8 {[%emt 0:08:07]} 12. Bg2 {[%emt 0:06:02]} Nb6 {[%emt 0:03:32]} 13. Bxf6 {[%emt 0:05:15]} gxf6 {[%emt 0:00:05]} 14. O-O {[%emt 0:00:35]} h4 {[%emt 0:01:41]} 15. g4 {[%emt 0:01:01]} Bh6 {[%emt 0:03:39]} 16. Qd3 {[%emt 0:02:54]} Nxd5 {[%emt 0:22:37]} 17. Nxd5 {[%emt 0:01:33]} Bxd5 {[%emt 0:02:01]} 18. exd5 {[%emt 0:00:25]} Rc4 {[%emt 0:08:07]} 19. a4 {[%emt 0:05:38]} Rd4 {[%emt 0:01:21]} 20. Qc3 {[%emt 0:03:47]} O-O {[%emt 0:05:51]} 21. Qc6 {[%emt 0:00:27]} b4 {[%emt 0:10:11]} 22. Qxa6 {[%emt 0:02:12]} f5 {[%emt 0:00:30]} 23. Rad1 {[%emt 0:08:55]} Rf4 {[%emt 0:00:11]} 24. gxf5 {[%emt 0:00:42]} Kh8 {[%emt 0:00:47]} 25. Kh1 {[%emt 0:00:25]} Rxf5 {[%emt 0:01:15]} 26. Qe2 {[%emt 0:01:07]} Rf4 {[%emt 0:02:27]} 27. Rg1 {[%emt 0:00:55]} Qf6 {[%emt 0:00:46]} 28. Rdf1 {[%emt 0:01:05]} Qf5 {[%emt 0:01:21]} 29. Qd3 {[%emt 0:02:16]} e4 {[%emt 0:00:33]} 30. Qd4+ {[%emt 0:01:07]} Kh7 {[%emt 0:02:45]} 31. Re1 {[%emt 0:00:32]} Re8 {[%emt 0:00:05]} 32. Re3 {[%emt 0:00:39]} Rxf2 {[%emt 0:01:13]} 33. Bxe4 {[%emt 0:00:25]} Rxe4 {[%emt 0:00:31]} 34. Qxe4 {[%emt 0:00:06]} Bxe3 {[%emt 0:00:08]} 0-1